145 personnages One Piece - Statistiques

Statistiques générales
  • Ce quiz a été pris 518 fois
  • Le résultat moyen est 93 sur 145
Statistiques - réponses
Réponse % Correct
Chapeau de Paille Luffy
100%
Nami
100%
Zoro
100%
Brook
99%
Chopper
99%
Franky
99%
Robin
99%
Sanji
99%
Ussop
99%
Big Mom
98%
Jinbe
98%
Shanks
98%
Barbe Noire
97%
Boa
97%
Doflamingo
97%
Super Nova Law
97%
Kaido
97%
Empereurs Barbe Blanche
96%
Dragon
96%
Sabo
96%
Shishibukai Crocodile
95%
Aokiji
94%
Kidd
94%
Mihawk
94%
Ace
93%
Akainu
93%
Baggy
93%
Moria
93%
Kuma
93%
Oro Jackson Gol D Roger
92%
Inuarashi
92%
Kizaru
92%
Luffy's relatives Garp
89%
Rayleigh
89%
Urouge
89%
Bonney
88%
Drake
88%
Fujitora
88%
Hawkins
87%
Killer
87%
Zoro's relatives Kuina
87%
Amiraux Sengoku
86%
Sanji's relatives Zeff
86%
Apoo
85%
Bege
85%
Ener
84%
Révolutionnaire Ivankov
84%
Vivi
84%
Enies Lobby Rob Lucci
82%
Carrot
81%
Koala
81%
Franky's relatives Tom
81%
Dadan
79%
Brook's relatives Laboon
79%
Chopper's relatives Hiluluk
78%
Yassop
78%
Nami's relatives Belmer
77%
Icebarg
76%
Kaku
76%
Katakuri
74%
Arlong
73%
Impel Down Magellan
72%
Ussop's relatives Kaya
71%
Kuro
70%
Cobra
69%
Kureha
69%
Robin's relatives Olvia
69%
Kinemon
68%
Oignon
67%
Inazuma
66%
Momonosuke
66%
Thriller Park Perona
66%
Nojiko
65%
Kalifa
64%
Makino
64%
Kobby
63%
Smoker
62%
King
61%
Marine Ford Marco
61%
Wano kuni Oden
61%
Absalom
60%
Piment
60%
Shirahoshi
60%
Queen
59%
Arc East Blue Alvida
58%
Monet
58%
Île des Hommes Poissons Neptune
58%
Tashigi
58%
(équipage) Ben Beckmann
57%
Carotte
57%
Dressrosa Rebecca
57%
Sauro
57%
Gin
56%
Hoddy
56%
Pedro
56%
Zou Jack
54%
Merry
54%
Whole cake island Pudding
54%
Vergo
54%
Hermep
53%
Nekomamushi
53%
Kanjuro
51%
Bonclay
50%
Clover
49%
Hack
49%
Octo
47%
Pica
47%
Kyros
46%
Pauly
45%
Viola
45%
Trebol
44%
Caesar
42%
Cavendish
38%
Conis
38%
Camie
36%
Vista
36%
Orochi
35%
Yamato
35%
Kiku
34%
Amazon Lilly Margaret
34%
Wanda
34%
Riku
33%
Toki
33%
Hiyori
32%
Jango
32%
Laura
30%
Sentomaru
30%
Skypea Bellamy
26%
Johnny
26%
Karoo
24%
Arc Arabasta Crocus
23%
Yosaku
22%
Sabaody Duval
21%
Rosinante
20%
Zeus
20%
Cocoro
17%
Jesus
17%
Napoleon
17%
Punk Hazard Vegapunk
16%
Toko
14%
Arc Water 7 Foxy
13%
Prométhée
13%
Kyoshiro
8%
Heracles
6%
Bartholomew
2%
Aucun quiz correspondant
Distribution des résultats
% des personnes avec chaque résultat
Percentile par nombre de réponses
Votre historique - résultats
Vous n’avez pas pris ce quiz